Service concession arrangements in the financial statements

Koncesné zmluvy na poskytovanie služieb. Účtovná závierka, výkazníctvo účtovné. IPSAS.

Gespeichert in:
Bibliographische Detailangaben
1. Verfasser: Kršeková, Marianna
Format: Buchkapitel
Sprache:Englisch
Schlagworte:
Tags: Tag hinzufügen
Keine Tags, Fügen Sie das erste Tag hinzu!

MARC

LEADER 00000nla a2200000 4500
001 0226659
005 20240502073731.5
041 0 |a eng 
044 |a SK 
245 1 0 |a Service concession arrangements in the financial statements  |c Marianna Kršeková 
520 |a Koncesné zmluvy na poskytovanie služieb. Účtovná závierka, výkazníctvo účtovné. IPSAS. 
610 2 0 |a sektor verejný 
610 2 0 |a výkazníctvo finančné 
610 2 0 |a výkazníctvo účtovné 
610 2 0 |a služby 
610 2 0 |a koncesie 
610 2 0 |a štandardy účtovné medzinárodné 
100 1 |a Kršeková, Marianna